| 000 | 00529nam a2200181 i 4500 | ||
|---|---|---|---|
| 001 | 48434 | ||
| 003 | ES-MaACL | ||
| 005 | 20230906161742.0 | ||
| 007 | t| | ||
| 008 | 950718s1882 fr ||||1| fre d | ||
| 040 |
_aCAM _bspa _cCAM |
||
| 100 | 1 |
_aDecaye, Paul. _943156 |
|
| 245 | 1 | 0 |
_aPrécis de thérapeutique chirurgicale / _cpar Paul Decaye. |
| 260 |
_aParis : _bJ.B.Baillière, _c1882 ( _eCorbeil : _fCreté) |
||
| 300 |
_aXI, 572 p. ; _c19 cm. |
||
| 650 | 0 | 4 |
_aTerapéutica quirúrgica. _917480 |
| 852 |
_aES-MaACL _jF-10934 |
||
| 999 |
_c48434 _d48434 |
||